| 000 -LEADER |
| fixed length control field |
00705cam a22002057a 4500 |
| 003 - CONTROL NUMBER IDENTIFIER |
| control field |
OSt |
| 005 - DATE AND TIME OF LATEST TRANSACTION |
| control field |
20200317125621.0 |
| 008 - FIXED-LENGTH DATA ELEMENTS--GENERAL INFORMATION |
| fixed length control field |
050909s2006 caua b 000 0 eng d |
| 020 ## - INTERNATIONAL STANDARD BOOK NUMBER |
| International Standard Book Number |
9781890449384 |
| 040 ## - CATALOGING SOURCE |
| Original cataloging agency |
VYF |
| Transcribing agency |
VYF |
| Modifying agency |
IXA |
| -- |
BAKER |
| -- |
DLC |
| 082 ## - DEWEY DECIMAL CLASSIFICATION NUMBER |
| Classification number |
720.8 |
| Item number |
SCO |
| 100 1# - MAIN ENTRY--PERSONAL NAME |
| Personal name |
Johnson, Scott, |
| Dates associated with a name |
1951- |
| 245 14 - TITLE STATEMENT |
| Title |
The big idea : |
| Remainder of title |
criticality and practice in contemporary architecture / |
| Statement of responsibility, etc |
Scott Johnson. |
| 246 30 - VARYING FORM OF TITLE |
| Title proper/short title |
Criticality and practice in contemporary architecture |
| 260 ## - PUBLICATION, DISTRIBUTION, ETC. (IMPRINT) |
| Place of publication, distribution, etc |
Glendale, Calif. : |
| Name of publisher, distributor, etc |
Balcony Media, |
| Date of publication, distribution, etc |
2006. |
| 300 ## - PHYSICAL DESCRIPTION |
| Extent |
191 p. : |
| Other physical details |
ill. (some col.) ; |
| Dimensions |
21 cm. |
| 504 ## - BIBLIOGRAPHY, ETC. NOTE |
| Bibliography, etc |
Includes bibliographical references (p. 154-187). |
| 650 #0 - SUBJECT ADDED ENTRY--TOPICAL TERM |
| Topical term or geographic name as entry element |
Architecture and philosophy. |
| 942 ## - ADDED ENTRY ELEMENTS (KOHA) |
| Source of classification or shelving scheme |
|